|
|
|
|
| LEADER |
00000nam0a2200000 4500 |
| 001 |
111538 |
| 005 |
20231101215013.0 |
| 010 |
|
|
|a 5769523182
|
| 035 |
|
|
|a (RuTPU)RU\TPU\book\120468
|
| 090 |
|
|
|a 111538
|
| 100 |
|
|
|a 20070316d2006 m y0rusy50 ca
|
| 101 |
0 |
|
|a rus
|
| 102 |
|
|
|a RU
|
| 105 |
|
|
|a a j 001zy
|
| 200 |
1 |
|
|a Технология электрической сварки плавлением
|e учебник
|f Г. Г. Чернышов
|
| 210 |
|
|
|a Москва
|c Академия
|d 2006
|
| 215 |
|
|
|a 448 с.
|c ил.
|
| 225 |
1 |
|
|a Среднее профессиональное образование. Машиностроение
|
| 320 |
|
|
|a Библиогр.: с. 443.
|
| 330 |
|
|
|a Приведены общие сведения об электрической сварке плавлением и физических процессах в дуговом разряде. Изложены основы тепловых и металлургических процессов при сварке. Представлена подробная информация о сварочных материалах, основных способах сварки плавлением и технологии сварки сталей, чугуна, цветных металлов и сплавов. Содержатся сведения, необходимые при аттестации сварщиков, проходящих подготовку к выполнению работ, сопряженных с повышенной опасностью. Для студентов учреждений среднего профессионального образования. Может быть полезен слушателям курсов переподготовки и повышения квалификации.
|
| 606 |
1 |
|
|a Сварка плавлением
|2 stltpush
|3 (RuTPU)RU\TPU\subj\53939
|9 72103
|
| 610 |
1 |
|
|a электрическая сварка
|
| 610 |
1 |
|
|a виды
|
| 610 |
1 |
|
|a способы
|
| 610 |
1 |
|
|a сварные соединения
|
| 610 |
1 |
|
|a сварочная дуга
|
| 610 |
1 |
|
|a металлургические процессы
|
| 610 |
1 |
|
|a фазовые превращения
|
| 610 |
1 |
|
|a напряжения
|
| 610 |
1 |
|
|a деформации
|
| 610 |
1 |
|
|a сварочные материалы
|
| 610 |
1 |
|
|a ручная дуговая сварка
|
| 610 |
1 |
|
|a сварка под флюсом
|
| 610 |
1 |
|
|a сварка в защитных газах
|
| 610 |
1 |
|
|a электрошлаковая сварка
|
| 610 |
1 |
|
|a дуговая наплавка
|
| 610 |
1 |
|
|a резка
|
| 610 |
1 |
|
|a стали
|
| 610 |
1 |
|
|a структура
|
| 610 |
1 |
|
|a низкоуглеродные конструкционные стали
|
| 610 |
1 |
|
|a низколегированные стали
|
| 610 |
1 |
|
|a углеродистые стали
|
| 610 |
1 |
|
|a высоколегированные стали
|
| 610 |
1 |
|
|a чугун
|
| 610 |
1 |
|
|a цветные металлы
|
| 610 |
1 |
|
|a сплавы цветных металлов
|
| 610 |
1 |
|
|a учебники
|
| 675 |
|
|
|a 621.791.65(075.32)
|v 3
|
| 700 |
|
1 |
|a Чернышов
|b Г. Г.
|g Георгий Георгиевич
|
| 801 |
|
1 |
|a RU
|b 63413507
|c 20070316
|g PSBO
|
| 801 |
|
2 |
|a RU
|b 63413507
|c 20200824
|g PSBO
|
| 900 |
|
|
|a Технологические процессы сварки и резки
|
| 942 |
|
|
|c BK
|